| 000 | 00620nam a2200181 i 4500 | ||
|---|---|---|---|
| 001 | 50543 | ||
| 003 | ES-MaACL | ||
| 005 | 20230906162211.0 | ||
| 007 | t| | ||
| 008 | 030805s1963 sp ||||1| spa d | ||
| 100 | 1 |
_aCuartero y Huerta, Baltasar. _941919 |
|
| 245 | 1 | 3 |
_aLa prueba plena / _cBaltasar Cuartero y Huerta ; documentos inéditos de Cristóbal Colón. |
| 260 |
_aMadrid : _bInstituto Gonzalo Fernández de Oviedo, _c1963. |
||
| 300 |
_a308 p., 15 lám. ; _c25 cm. |
||
| 700 | 1 |
_aColón, Cristóbal. _939869 |
|
| 710 | 2 |
_aInstituto "Gonzalo Fernández de Oviedo" _95079 |
|
| 852 |
_aES-MaACL _jC-27376 _bR.56349 |
||
| 999 |
_c50543 _d50543 |
||